Capitales des territoires britanniques d'outre-mer - Statistiques

Statistiques générales
  • Ce quiz a été pris 42 fois
  • Le résultat moyen est 8 sur 14
Statistiques - réponses
Territoire Capitale % Correct
Gibraltar Gibraltar
92%
Bermudes Hamilton
84%
Îles Pitcairn Adamstown
68%
Îles Malouines Port Stanley
68%
Îles Turques-et-Caïques Cockburn Town
64%
Anguilla The Valley
64%
Îles Caïmans George Town
60%
Sainte-Hélène, Ascension et Tristan da Cunha Jamestown
60%
Montserrat Plymouth
60%
Îles Vierges britanniques Road Town
60%
Akrotiri et Dhekelia Cantonnement d'Episkopi
28%
Géorgie du Sud-et-les Îles Sandwich du Sud King Edward Point
28%
Territoire britannique de l'océan Indien Camp Thunder Cove
12%
Territoire britannique de l'Antarctique Rothera
12%
Aucun quiz correspondant
Distribution des résultats
% des personnes avec chaque résultat
Percentile par nombre de réponses
Votre historique - résultats
Vous n’avez pas pris ce quiz